Cell division

Elmentve itt :
Bibliográfiai részletek
Szerző: Szent-Györgyi Albert
Dokumentumtípus: Cikk
Megjelent: Pontificia Academia Scientiarum Vatican 1972
Sorozat:Commentarii : Pontificia Academia Scientiarum 2 No. 47
Kulcsszavak:Sejtosztódás
Online Access:http://misc.bibl.u-szeged.hu/73607
LEADER 00677nab a2200181 i 4500
001 misc73607
005 20241018155147.0
008 240223s1972 hu o 000 eng d
040 |a SZTE Miscellanea Repozitórium  |b hun 
041 |a eng 
100 2 |a Szent-Györgyi Albert 
245 1 0 |a Cell division  |h [elektronikus dokumentum] /  |c  Szent-Györgyi Albert 
260 |a Pontificia Academia Scientiarum  |b Vatican  |c 1972 
300 |a 1-7 
490 0 |a Commentarii : Pontificia Academia Scientiarum  |v 2 No. 47 
561 |a Szent-Györgyi Albert tudományos és egyéb írásai 
695 |a Sejtosztódás 
856 4 0 |u http://misc.bibl.u-szeged.hu/73607/1/szgya_amerikai_243.pdf  |z Dokumentum-elérés